[Event "zt 3.2a"]
[Site "Ho Chi Minh City VIE"]
[Date "2003.06.23"]
[Round "4"]
[White "Goh Weiming"]
[Black "Chan Peng Kong"]
[Result "0-1"]
[WhiteElo "2264"]
[BlackElo "2349"]

1.e4 c5 2.Nf3 Nc6 3.d4 cxd4 4.Nxd4 Qc7 5.Nc3 e6 6.Ndb5 Qb8 7.Be3 Nf6 8.f4 d6
9.Be2 Be7 10.Bf3 O-O 11.Qe2 a6 12.Nd4 Qc7 13.O-O-O Rb8 14.g4 Nxd4 15.Bxd4 e5
16.Ba7 Ra8 17.Be3 exf4 18.Bxf4 Be6 19.e5 dxe5 20.Bxe5 Qa5 21.h4 Rad8 22.g5 Nd7
23.Bd6 Bxd6 24.Rxd6 Nc5 25.Rhd1 Rxd6 26.Rxd6 Bxa2 27.h5 Be6 28.Kb1 Na4 29.Nxa4 Qxa4
30.Qe5 Re8 31.Qc3 Ba2+ 32.Kc1 Qf4+ 33.Qd2 Qxf3 34.b3 Bxb3 35.cxb3 Qxb3 36.Rd8 Qa3+
37.Kb1 Qb3+ 38.Kc1 Qc4+ 39.Kd1 Qa4+ 40.Kc1 Qa1+ 41.Kc2 Qa2+  0-1

[Event "It"]
[Site "Pancevo YUG"]
[Date "2003.06.25"]
[Round "6"]
[White "Todorovic,GM"]
[Black "Matulovic,M"]
[Result "1/2-1/2"]
[WhiteElo "2459"]
[BlackElo "2432"]

1.e4 c5 2.Nf3 Nc6 3.d4 cxd4 4.Nxd4 Qc7 5.Nc3 e6 6.Ndb5 Qb8 7.Be3 a6 8.Bb6 axb5
9.Nxb5 Bb4+ 10.c3 Ba5 11.Nc7+ Qxc7 12.Bxc7 Bxc7 13.Qg4 g6 14.Bb5 Nge7 15.O-O O-O
16.Qe2 d5 17.a4 Rd8 18.Rfd1 d4 19.cxd4 Rxd4 20.Rxd4 Nxd4 21.Qc4 Ndc6 22.b4 Bd6
23.Bxc6 Nxc6 24.b5 Na5 25.Qd3 Bc5 26.e5 b6 27.Qd8+ Kg7 28.Rd1 Bb7 29.Qf6+ Kg8
30.Rd7 Rf8 31.h4 Be4 32.Kh2 h5 33.f3 Bf5 34.Rd8 Rxd8 35.Qxd8+ Kg7  1/2-1/2

[Event "It"]
[Site "Pancevo YUG"]
[Date "2003.06.27"]
[Round "8"]
[White "Stanojoski,Z"]
[Black "Matulovic,M"]
[Result "1-0"]
[WhiteElo "2497"]
[BlackElo "2432"]

1.e4 c5 2.Nf3 Nc6 3.d4 cxd4 4.Nxd4 Qc7 5.Nc3 e6 6.g3 a6 7.Bg2 Nf6 8.O-O Be7
9.Re1 O-O 10.Nxc6 dxc6 11.e5 Rd8 12.Qf3 Nd5 13.h4 h6 14.Qg4 Kh8 15.Qh5 Nxc3
16.bxc3 Bf8 17.Be4 b5 18.Bg5 Rd7 19.Rad1 Bb7 20.Rxd7 Qxd7 21.Rd1 Qc7 22.Qf3 Kg8
23.Bf4 Be7 24.c4 Rb8 25.Qg4 Kh8 26.Qh5 Bf8 27.c5 Bxc5 28.Bxh6 gxh6 29.Qxh6+ Kg8
30.Bh7+ Kh8 31.Bf5+ Kg8 32.Qh7+ Kf8 33.Bxe6 Ke8 34.Qg8+ Bf8 35.Rd7 Qxd7 36.Bxd7+ Kxd7
37.Qxf7+ Be7 38.e6+ Kd8 39.h5 c5 40.h6 Be4 41.Qf4 Rb6 42.Qxe4  1-0

[Event "It"]
[Site "Pancevo YUG"]
[Date "2003.06.29"]
[Round "10"]
[White "Grigoriants,S RUS"]
[Black "Matulovic,M"]
[Result "1-0"]
[WhiteElo "2506"]
[BlackElo "2432"]

1.e4 c5 2.Nf3 Nc6 3.d4 cxd4 4.Nxd4 Qc7 5.Nc3 e6 6.Be2 a6 7.O-O Nf6 8.Kh1 Bb4
9.Bg5 Qd6 10.Nxc6 Qxd1 11.Nxd1 dxc6 12.e5 Nd7 13.f4 Be7 14.Bxe7 Kxe7 15.Nf2 Nc5
16.Bf3 a5 17.Rfd1 Rd8 18.Kg1 Rxd1+ 19.Rxd1 Bd7 20.Nd3 Nxd3 21.Rxd3 a4 22.Kf2 Ra6
23.Ke3 Rb6 24.b3 Bc8 25.Be4 axb3 26.cxb3 Ra6 27.Rd2 h5 28.g3 g6 29.Kd4 Bd7
30.Kc3 Kd8 31.Kb4 Kc7 32.a4 Rb6+ 33.Kc4 Ra6 34.Kc5 b6+ 35.Kc4 Ra5 36.Rd1 Rc5+
37.Kd4 Ra5 38.Rc1 b5 39.Rc5 Kb6 40.Bc2 Ra7 41.axb5 cxb5 42.Be4 Ra1 43.Rc2 Rd1+
44.Kc3 Bc6 45.Bxc6 Kxc6 46.Kb4+ Kb6 47.Rc8 Rd4+ 48.Kc3 Rd7 49.Rf8 Kc5 50.Rb8 Rc7
51.b4+ Kc6 52.Rd8 Kb6+ 53.Kd3 Kc6 54.Rd6+ Kb7 55.h3 Kc8 56.Rb6 h4 57.gxh4 Rc4
58.Rxb5 Rxf4 59.Rc5+ Kb8 60.Rc4 Rf3+ 61.Kd4 Rxh3 62.Kc5 Rd3 63.Kc6 Rd5 64.Rf4 Rxe5
65.Rxf7 Rf5 66.Rb7+ Ka8 67.Re7 e5 68.b5 Rf6+ 69.Kc7 Ka7 70.Rxe5 Rf7+ 71.Kc6 Rf6+
72.Kc5 Kb7 73.Re7+ Kb8 74.Rh7 Rf5+ 75.Kb6 Rf6+ 76.Ka5 Re6 77.Rh6 Re4 78.Ka6 Kc8
79.Rxg6 Ra4+ 80.Kb6 Rxh4 81.Rg8+ Kd7 82.Kb7 Kd6 83.b6 Rh7+ 84.Kc8 Rh1 85.b7 Rc1+
86.Kd8 Rb1 87.Rg6+ Kd5 88.Kc7 Rc1+ 89.Kb6 Rb1+ 90.Ka7 Ra1+ 91.Ra6  1-0

[Event "4th Open"]
[Site "Marseille FRA"]
[Date "2003.06.30"]
[Round "4"]
[White "Guadalpi,D"]
[Black "Cosma,I"]
[Result "0-1"]
[WhiteElo "2337"]
[BlackElo "2458"]

1.e4 c5 2.Nf3 Nc6 3.d4 cxd4 4.Nxd4 Qc7 5.c4 Nf6 6.Nc3 e6 7.Be3 b6 8.Be2 Bb7
9.f3 Rc8 10.Rc1 Qb8 11.O-O Bd6 12.Kh1 Nxd4 13.Qxd4 Bxh2 14.f4 e5 15.Qd2 Bg3
16.Bd3 h5 17.fxe5 Bxe5 18.Bf4 Ng4 19.Nd5 Bxd5 20.exd5 O-O 21.Rce1 Rce8 22.g3 Bxf4
23.gxf4 Qd8 24.Kg2 Rxe1 25.Rxe1 Re8 26.b4 d6 27.a4 g6 28.Kg3 Rxe1 29.Qxe1 a5
30.Kf3 axb4 31.Qxb4 Nf6 32.Bc2 Kg7 33.Qb2 h4 34.Qd4 Kh6 35.Qg1 Qc8 36.Qg5+ Kg7  0-1

[Event "11th Fair Play Trophy"]
[Site "Techirghiol ROM"]
[Date "2003.07.03"]
[Round "3"]
[White "Ciornei,D"]
[Black "Miljkovic,Mih"]
[Result "0-1"]
[WhiteElo "2216"]
[BlackElo "2275"]

1.e4 c5 2.Nf3 Nc6 3.d4 cxd4 4.Nxd4 Qc7 5.Nc3 e6 6.Be2 a6 7.O-O Nf6 8.Be3 Bb4
9.Na4 Ne7 10.c4 Nxe4 11.c5 Nd5 12.a3 Bxc5 13.Rc1 Nxe3 14.fxe3 Qe5 15.Bf3 Ba7
16.Qc2 Nd6 17.Qd3 O-O 18.b4 Nb5 19.Nc5 d6 20.Nxb7 Nxd4 21.exd4 Qxd4+ 22.Qxd4 Bxd4+
23.Kh1 d5 24.Na5 Bd7 25.Be2 Bb5 26.Bxb5 axb5 27.Rc6 Rfc8 28.Rfc1 g6 29.g3 Bb2
30.Rb1  0-1

[Event "32nd TCh-GRE"]
[Site "Kallithea Chalkidiki GRE"]
[Date "2003.07.07"]
[Round "4"]
[White "Kotronias,V"]
[Black "Miladinovic,I"]
[Result "1/2-1/2"]
[WhiteElo "2602"]
[BlackElo "2609"]

1.e4 c5 2.Nf3 Nc6 3.d4 cxd4 4.Nxd4 Qc7 5.Nc3 e6 6.Be2 a6 7.O-O Nf6 8.Kh1 Bb4
9.Bg5 Qd6 10.Nxc6 Qxd1 11.Nxd1 bxc6 12.e5 Ne4 13.Be3 f6 14.f3 Ng5 15.Nf2 Nf7
16.Nd3 Be7 17.f4 a5 18.c4 Rb8 19.b3 h5 20.Ba7 Ra8 21.Bd4 h4 22.f5 exf5 23.exf6 Bxf6
24.Bxf6 gxf6 25.Rae1 Kf8 26.Rxf5 Rh6 27.Rf4 d6 28.Bg4 Ne5 29.Nf2 Bxg4 30.Nxg4 Nxg4
31.Rxg4 c5 32.h3 a4 33.Kg1 axb3 34.axb3 Kf7 35.Rge4 Rh5 36.Re7+ Kg6  1/2-1/2

[Event "Andorra"]
[Site "Andorra la Vella AND"]
[Date "2003.07.08"]
[Round "4"]
[White "Navarro Cia,M"]
[Black "Oms Pallise,J"]
[Result "0-1"]
[WhiteElo "2355"]
[BlackElo "2476"]

1.e4 c5 2.Nf3 Nc6 3.d4 cxd4 4.Nxd4 Qc7 5.Nc3 e6 6.Be3 a6 7.Qd2 b5 8.O-O-O Nxd4
9.Bxd4 Ne7 10.Kb1 Nc6 11.Be3 Ne5 12.f4 Nc4 13.Bxc4 Qxc4 14.e5 Bb4 15.Qd4 Qxd4
16.Rxd4 Bxc3 17.bxc3 Bb7 18.Rhd1 Bc6 19.g3 f6 20.c4 fxe5 21.fxe5 O-O 22.Bf4 h6
23.cxb5 axb5 24.c4 bxc4 25.Rxc4 Bd5 26.Rc7 Rfb8+ 27.Kc1 Rxa2 28.Rxd7 Rxh2
29.Rd2 Rc8+ 30.Kb2 Rxd2+ 31.Bxd2 Rc4 32.Rd8+ Kh7 33.Rd7 Rg4 34.Be1 Re4 35.Bd2 Rxe5
36.Kc3 Re4 37.Kd3 Rg4 38.Bf4 Kg8 39.Be5 g5 40.Rg7+ Kf8 41.Kd2 Rxg3 42.Rh7 Rh3
43.Bg7+ Kf7 44.Rxh6 Rf3 45.Be5 g4 46.Rh4 Kg6 47.Ke2 Kf5 48.Rh5+ Ke4 49.Rg5 Rf5
50.Rxf5 exf5 51.Bc7 f4 52.Kf2 Kf5 53.Bd6 g3+ 54.Kg1 Kg4 55.Bc7 f3 56.Bb6 Bc4
57.Bc5 Ba6 58.Bb6 Kf5  0-1

[Event "11th Fair Play Trophy"]
[Site "Techirghiol ROM"]
[Date "2003.07.08"]
[Round "8"]
[White "Podgurkii,S"]
[Black "Miljkovic,Mih"]
[Result "1/2-1/2"]
[WhiteElo "2151"]
[BlackElo "2275"]

1.e4 c5 2.Nf3 Nc6 3.d4 cxd4 4.Nxd4 Qc7 5.Be2 Nf6 6.Nc3 e6 7.O-O a6 8.a3 Be7
9.Kh1 O-O 10.f4 d6 11.Be3 Nxd4 12.Bxd4  1/2-1/2

[Event "Andorra"]
[Site "Andorra la Vella AND"]
[Date "2003.07.09"]
[Round "5"]
[White "Van der Heijden,AC"]
[Black "Ivanisevic,I"]
[Result "0-1"]
[WhiteElo "2245"]
[BlackElo "2563"]

1.e4 c5 2.Nf3 Nc6 3.d4 cxd4 4.Nxd4 Qc7 5.Nc3 e6 6.g3 a6 7.Bg2 Nf6 8.O-O Bc5
9.Nxc6 dxc6 10.e5 Qxe5 11.Bf4 Qh5 12.Bf3 Qg6 13.Bd6 Ba7 14.Re1 h5 15.Ne4 h4
16.Bb4 Nxe4 17.Bxe4 Qf6 18.Qd6 Qd8 19.Qe5 hxg3 20.hxg3 Qf6 21.Qxf6 gxf6 22.Rad1 a5
23.Bd6 e5 24.c4 Bg4 25.Rd3 Rh6 26.c5 O-O-O 27.Ra3 Bb8 28.Bxb8 Kxb8 29.Rxa5 f5
30.Bg2 e4 31.Ra3 Rdh8 32.b4 Bf3 33.Rxf3 exf3 34.Bxf3 Re6 35.Rd1 Kc7 36.Kg2 f4
37.g4 Ra8 38.Rd4 Rf6 39.Rd2 Ra3 40.Rb2 Rg6 41.Re2 f5 42.Re7+ Kc8 43.Rf7 fxg4
44.Be4 Rg8 45.Rxf4 g3 46.Bf5+ Kc7 47.Be6 Rg7 48.Bb3 gxf2+ 49.Kxf2 Ra8 50.Ke3 b6
51.cxb6+ Kxb6 52.Rf5 Rg4 53.Rf4 Rxf4 54.Kxf4 Kb5 55.Ke4 Kxb4 56.Kd3 c5 57.Be6 c4+
58.Kc2 Rxa2+ 59.Kb1 Rf2 60.Bd5 Kc3 61.Be6 Rb2+ 62.Ka1 Rb6  0-1

[Event "Pre-Amazon Open"]
[Site "Imperatriz BRA"]
[Date "2003.07.09"]
[Round "6"]
[White "Matsuura,E"]
[Black "Coelho,L"]
[Result "1/2-1/2"]
[WhiteElo "2452"]
[BlackElo "2409"]

1.e4 c5 2.Nf3 Nc6 3.d4 cxd4 4.Nxd4 Qc7 5.Nc3 e6 6.Be2 a6 7.O-O Nf6 8.Be3 Bb4
9.Na4 Be7 10.c4 Nxe4 11.c5 O-O 12.Rc1 Rb8 13.f4 Nf6 14.Bf3 Rd8 15.Qe2 d5
16.cxd6 Rxd6 17.Nxc6 bxc6 18.Bc5 Rd7 19.Bxe7 Rxe7 20.Bxc6 Bb7  1/2-1/2

[Event "32nd TCh-GRE"]
[Site "Kallithea Chalkidiki GRE"]
[Date "2003.07.09"]
[Round "6"]
[White "Dalaklis,G"]
[Black "Davidenko,H"]
[Result "1-0"]
[WhiteElo "2157"]
[BlackElo "2080"]

1.e4 c5 2.Nf3 Nc6 3.d4 cxd4 4.Nxd4 Qc7 5.Nc3 e6 6.f4 a6 7.Nb3 b5 8.Bd3 Bb7
9.O-O h5 10.Qe2 d6 11.Bd2 Nf6 12.Rac1 Rd8 13.Nd1 d5 14.Nf2 Be7 15.e5 Nd7
16.c3 g6 17.Nd4 Nc5 18.Bb1 Rg8 19.Rfe1 Nd7 20.f5 Ndxe5 21.fxg6 Nxg6 22.Nxe6 Qd6
23.Bxg6 Rxg6 24.Nxd8 Kxd8 25.Nd3 Bc8 26.Bf4 Qf6 27.Ne5 Nxe5 28.Qxe5 Qxe5
29.Rxe5 Bb7 30.Rxh5 d4 31.g3 Bf3 32.Rh8+ Kd7 33.cxd4 Bf6 34.Rc7+ Ke6 35.Re8+ Kd5
36.Kf2 Bg4 37.Be3 Be6 38.Rc5+ Kd6 39.Ra8 Bg7 40.Rxa6+ Ke7 41.Bg5+ f6 42.Rc7+ Kd8
43.Rxg7 Ke8 44.Ke1 Kd8  1-0

[Event "2nd Open"]
[Site "Condom FRA"]
[Date "2003.07.13"]
[Round "2"]
[White "Viot,A"]
[Black "Tsifanskaya,L"]
[Result "1/2-1/2"]
[WhiteElo "2102"]
[BlackElo "2235"]

1.e4 c5 2.Nf3 Nc6 3.d4 cxd4 4.Nxd4 Qb6 5.Nb3 Nf6 6.Nc3 e6 7.Be3 Qc7 8.a3 a6
9.Be2 b5 10.O-O Be7 11.f4 d6 12.Bf3 Bb7 13.Qe1 O-O 14.Qf2 Rae8 15.Rad1 b4
16.axb4 Nxb4 17.Bb6 Qb8 18.Na5 Ba8 19.Ba7 Qc7 20.Bb6 Qb8 21.Ba7 Qc7 22.Bb6 Qb8
23.Ba7 Qc7  1/2-1/2

[Event "Open"]
[Site "Mariupol UKR"]
[Date "2003.07.17"]
[Round "7"]
[White "Golinka,O"]
[Black "Gasanov,E"]
[Result "0-1"]
[WhiteElo "2271"]
[BlackElo "2396"]

1.e4 c5 2.Nf3 Nc6 3.d4 cxd4 4.Nxd4 Qb6 5.Nb3 Nf6 6.Nc3 e6 7.Be3 Qc7 8.f3 a6
9.Qd2 b5 10.O-O-O Ne5 11.Bf4 b4 12.Na4 Rb8 13.Kb1 Be7 14.Nc1 d5 15.Nd3 Bd6
16.Bxe5 Bxe5 17.Nxe5 Qxe5 18.Nc5 a5 19.Nd3 Qd4 20.e5 Nd7 21.f4 Ba6 22.g4 Rc8
23.Bg2 Bxd3 24.cxd3 a4 25.Rhf1 b3 26.Qf2 Qb4 27.a3 Qb5 28.Qa7 O-O 29.f5 Rc2
30.fxe6 fxe6 31.Rxf8+ Kxf8 32.Bf1 Qc6 33.Qd4 g5 34.h3 Ke8 35.Re1 Rd2 36.Qc3 Qxc3
37.bxc3 d4 38.cxd4 Nb6 39.Rc1 Nd5 40.Rc4 Rf2 41.Rxa4 Nc3+  0-1

[Event "Open"]
[Site "Mariupol UKR"]
[Date "2003.07.18"]
[Round "8"]
[White "Romashko,A"]
[Black "Konev,V"]
[Result "1-0"]
[WhiteElo "2013"]
[BlackElo "2121"]

1.e4 c5 2.Nf3 Nc6 3.d4 cxd4 4.Nxd4 Qc7 5.Nc3 e6 6.g3 a6 7.Bg2 Nf6 8.O-O b5
9.e5 Ng8 10.Nxc6 dxc6 11.Ne4 Bb7 12.Bf4 Rd8 13.Qg4 Nh6 14.Bxh6 gxh6 15.Nf6+ Ke7
16.Qb4+ c5 17.Qh4 Qb8 18.Rad1 Bg7 19.Nd7+ Ke8 20.Nxb8  1-0

[Event "KB Czech Open"]
[Site "Pardubice CZE"]
[Date "2003.07.18"]
[Round "1"]
[White "Lurie,M"]
[Black "Sax,G"]
[Result "0-1"]
[WhiteElo "2281"]
[BlackElo "2521"]

1.e4 c5 2.Nf3 Nc6 3.d4 cxd4 4.Nxd4 Qc7 5.Nb5 Qb8 6.c4 Nf6 7.N5c3 e6 8.f4 e5
9.f5 h6 10.Be3 b6 11.Bd3 Bc5 12.Bxc5 bxc5 13.b3 Nd4 14.O-O Bb7 15.Nd2 O-O
16.Rb1 Re8 17.Rf2 Bc6 18.a3 Qd6 19.Nd5 a5 20.g4 a4 21.b4 cxb4 22.axb4 Bxd5
23.cxd5 Rec8 24.Rg2 Rc3 25.Nc4 Qc7 26.d6 Qc6 27.Nxe5 Qxd6 28.Nc4 Qf4 29.Kh1 a3
30.Nb6 a2  0-1

[Event "KB Czech Open"]
[Site "Pardubice CZE"]
[Date "2003.07.18"]
[Round "1"]
[White "Agacinski,T"]
[Black "Teske,H"]
[Result "0-1"]
[WhiteElo "2283"]
[BlackElo "2527"]

1.e4 c5 2.Nf3 Nc6 3.d4 cxd4 4.Nxd4 Qc7 5.Nb5 Qb8 6.f4 a6 7.N5a3 b5 8.c3 e5
9.f5 Nf6 10.Bd3 d5 11.exd5 Ne7 12.Qe2 Nexd5 13.Rf1 Bc5 14.b4 Bb6 15.Nxb5 axb5
16.Bxb5+ Bd7 17.a4 O-O 18.Bxd7 Nxd7 19.a5 Rc8 20.Ra3 Bxa5 21.Qb2 Nxb4 22.Qe2 Qd6
23.Kf2 Bb6+ 24.Kg3 e4+ 25.Kh3 Rxa3 26.Bxa3 Qh6+ 27.Kg3 Bc7+ 28.Kf2 Nd3+  0-1

[Event "TCh-Europe u18"]
[Site "Balatonlelle HUN"]
[Date "2003.07.19"]
[Round "1"]
[White "Manescu,T"]
[Black "Gajewski,G"]
[Result "0-1"]
[WhiteElo "2354"]
[BlackElo "2456"]

1.e4 c5 2.Nf3 Nc6 3.d4 cxd4 4.Nxd4 Qc7 5.Nc3 e6 6.g3 a6 7.Bg2 Nf6 8.O-O Nxd4
9.Qxd4 Bc5 10.Bf4 d6 11.Qd2 h6 12.Rad1 e5 13.Be3 Bg4 14.f3 Be6 15.Bxc5 dxc5
16.Qd6 Qxd6 17.Rxd6 Ke7 18.Rfd1 Rhd8 19.Rxd8 Rxd8 20.Rxd8 Kxd8 21.f4 b5 22.a3 Kc7
23.b4 Kb6 24.Bf1 g6 25.Be2 exf4 26.gxf4 a5 27.bxa5+ Kxa5 28.Bf3 b4 29.axb4+ Kxb4
30.Nd1 Kc4 31.f5 gxf5 32.exf5 Bd7 33.Be2+ Kd4 34.c3+ Ke5 35.Bc4 Nd5 36.Nb2 Bxf5
37.Na4 Kd6 38.Bb3 Bd7 39.Nb2 Be6 40.c4 Nf4 41.Kf2 Bd7 42.Bc2 Ke5 43.Ke3 Bc6
44.Bb1 Ng2+ 45.Kf2 Kd4 46.Bh7 Ne3 47.Bg8 f5  0-1

[Event "Open"]
[Site "Ikaros GRE"]
[Date "2003.07.19"]
[Round "8"]
[White "Kofidis,A"]
[Black "Kapnisis,S"]
[Result "1-0"]
[WhiteElo "2434"]
[BlackElo "2392"]

1.e4 c5 2.Nf3 Nc6 3.d4 cxd4 4.Nxd4 Qc7 5.Nc3 e6 6.Nxc6 bxc6 7.Bd3 Nf6 8.O-O Be7
9.Qe2 d5 10.Kh1 O-O 11.Bg5 h6 12.Bd2 c5 13.b3 Bb7 14.e5 Nd7 15.f4 Rfe8 16.Rae1 f5
17.exf6 Bxf6 18.Qg4 Nf8 19.f5 e5 20.Bxh6 e4 21.Nxe4 Rxe4 22.Rxe4 dxe4 23.Bc4+ Kh8
24.Bf4 Be5 25.Bxe5 Qxe5 26.Qh5+ Nh7 27.Bf7 Bd5 28.Bg6 Bg8 29.Qh4 e3 30.Re1 Qc3
31.h3 Rd8 32.Bxh7 Rd4 33.Qg3 Bxh7 34.Rxe3 Qa1+ 35.Kh2 Rd8 36.c3 Qc1 37.Re7 Qh6
38.Rxa7 Bxf5 39.Re7 Be6 40.Rxg7 Bxh3 41.Rg6 Qh7 42.Qxh3 Qxh3+ 43.gxh3  1-0

[Event "TCh-Europe u18"]
[Site "Balatonlelle HUN"]
[Date "2003.07.21"]
[Round "3"]
[White "Balogh,C"]
[Black "Gajewski,G"]
[Result "1/2-1/2"]
[WhiteElo "2463"]
[BlackElo "2456"]

1.e4 c5 2.Nf3 Nc6 3.d4 cxd4 4.Nxd4 Qc7 5.Nb5 Qb8 6.Bd3 e6 7.f4 a6 8.N5c3 Nge7
9.O-O Ng6 10.Be3 b5 11.Nd2 Be7 12.Qh5 d6 13.Rf2 Nb4 14.Raf1 Nxd3 15.cxd3 b4
16.Ne2 Qb5 17.Qxb5+ axb5 18.Ra1 Bf6 19.Bd4 e5 20.f5 exd4 21.fxg6 Be6 22.gxf7+ Bxf7
23.Nf3 Rxa2 24.Rxa2 Bxa2 25.Nexd4 Kd7 26.b3 Bb1 27.Rd2 Rc8 28.Rd1 Bc2 29.Rd2 Bb1
30.Rd1 Bc2  1/2-1/2

[Event "26th Asian Juniors"]
[Site "Negombo SRI"]
[Date "2003.07.21"]
[Round "3"]
[White "Prathamesh,S"]
[Black "Akbarinia,S"]
[Result "0-1"]
[WhiteElo "2358"]
[BlackElo "2278"]

1.e4 c5 2.Nf3 Nc6 3.d4 cxd4 4.Nxd4 Qc7 5.Nc3 e6 6.g3 Nf6 7.Ndb5 Qb8 8.Bf4 e5
9.Bg5 a6 10.Bxf6 gxf6 11.Na3 Bxa3 12.bxa3 Ne7 13.Bc4 Qc7 14.Qd3 d6 15.O-O Be6
16.Nd5 Nxd5 17.Bxd5 Ke7 18.Rab1 Rab8 19.Rb3 Rhc8 20.Rfb1 b5 21.c3 Bxd5 22.Qxd5 Qc4
23.a4 Qxa4 24.Rb4 Qc2 25.a4 Rxc3 26.Rd1 Rc6 27.axb5 Rxb5 28.Rxb5 axb5 29.Ra1 Qc5
30.Qb3 Qd4 31.Qa2 b4 32.Qa8 Rc7 33.Ra4 Qb6 34.Qh8 Ra7 35.Rxa7+ Qxa7 36.Qc8 b3
37.Qc3 Qb7 38.Qb2 Qb4  0-1

[Event "KB Czech Open"]
[Site "Pardubice CZE"]
[Date "2003.07.21"]
[Round "4"]
[White "Biolek,R"]
[Black "Oral,T"]
[Result "0-1"]
[WhiteElo "1926"]
[BlackElo "2543"]

1.e4 c5 2.Nf3 Nc6 3.d4 cxd4 4.Nxd4 Qc7 5.Nc3 e6 6.Be2 a6 7.O-O Nf6 8.Be3 Be7
9.f4 d6 10.a4 O-O 11.Bf3 Re8 12.g4 Nxd4 13.Bxd4 e5 14.Be3 exf4 15.Bxf4 Be6
16.Kg2 Nd7 17.Rf2 Ne5 18.Nd5 Bxd5 19.Bxe5 Bc6 20.Bd4 Bh4 21.Re2 Re6 22.Qd3 Rae8
23.Qc3 Qe7 24.Bxg7 Bxe4 25.Bxe4 Rxe4 26.Rxe4 Qxe4+ 27.Kh3 Be1  0-1

[Event "3rd Savaria Summer Open"]
[Site "Szombathely HUN"]
[Date "2003.07.21"]
[Round "3"]
[White "Papp,Ju"]
[Black "Maryasin,B"]
[Result "0-1"]
[WhiteElo "2111"]
[BlackElo "2393"]

1.e4 c5 2.Nf3 Nc6 3.d4 cxd4 4.Nxd4 Qb6 5.Nb3 Nf6 6.Nc3 e6 7.Bd3 a6 8.O-O Qc7
9.f4 d6 10.Qf3 Be7 11.Bd2 Rb8 12.Rae1 O-O 13.Kh1 b5 14.a3 b4 15.Nd1 bxa3
16.bxa3 a5 17.a4 Nb4 18.Bxb4 Rxb4 19.Re3 e5 20.f5 Bb7 21.Nf2 d5 22.Ng4 dxe4
23.Nxf6+ Bxf6 24.Bxe4 Bxe4 25.Rxe4 Qxc2 26.Rxb4 axb4 27.Rc1 Qb2 28.a5 e4
29.Qe3 h6 30.Rd1 Bg5 31.Qg3 e3  0-1

[Event "3rd Savaria Summer Open"]
[Site "Szombathely HUN"]
[Date "2003.07.22"]
[Round "4"]
[White "Kegl,B"]
[Black "Tsifanskaya,L"]
[Result "0-1"]
[WhiteElo "2016"]
[BlackElo "2235"]

1.e4 c5 2.Nf3 Nc6 3.d4 cxd4 4.Nxd4 Qb6 5.Nb3 Nf6 6.Nc3 e6 7.Be3 Qc7 8.a3 a6
9.f4 d6 10.Bd3 b5 11.O-O Be7 12.Qe1 O-O 13.Nd4 Nxd4 14.Bxd4 e5 15.Be3 Bb7
16.Qg3 Nh5 17.Qh3 Nxf4 18.Bxf4 exf4 19.Rxf4 Bc8 20.Qg3 Be6 21.Re1 Qc5+ 22.Kh1 Bg5
23.Rf3 Qe5 24.Nd5 Qxg3 25.hxg3 Ra7 26.Ne3 g6 27.Kh2 Kg7 28.Ref1 h5 29.Kg1 Bg4
30.Nxg4 hxg4  0-1

[Event "3rd Savaria Summer Open"]
[Site "Szombathely HUN"]
[Date "2003.07.22"]
[Round "4"]
[White "Berescu,A"]
[Black "Lakos,N"]
[Result "1-0"]
[WhiteElo "2400"]
[BlackElo "2372"]

1.e4 c5 2.Nf3 Nc6 3.d4 cxd4 4.Nxd4 Qc7 5.Nc3 e6 6.g3 a6 7.Bg2 Nf6 8.O-O Bc5
9.Bf4 e5 10.Nb3 exf4 11.Nxc5 fxg3 12.fxg3 d6 13.Rxf6 dxc5 14.Qd6 Qxd6 15.Rxd6 Be6
16.Na4 Ke7 17.e5 Nxe5 18.Rb6 Nd7 19.Rxb7 c4 20.Rd1 Rab8 21.Ra7 Rhc8 22.Bd5 Bf5
23.Re1+ Kd6 24.Bb7 Bxc2 25.Bxc8 Rxc8 26.Rxd7+ Kxd7 27.Nb6+ Kd8 28.Nxc8 Kxc8
29.Re7 Bg6 30.Kf2  1-0

[Event "BCSA Open"]
[Site "Batumi GEO"]
[Date "2003.07.23"]
[Round "7"]
[White "Galstian,B"]
[Black "Erdogdu,M"]
[Result "1/2-1/2"]
[WhiteElo "2271"]
[BlackElo "2336"]

1.e4 c5 2.Nf3 Nc6 3.d4 cxd4 4.Nxd4 Qb6 5.Nb3 Nf6 6.Nc3 e6 7.Bd3 a6 8.Be3 Qc7
9.f4 d6 10.O-O b5 11.a4 b4 12.Nb1 Bb7 13.N1d2 Be7 14.Qe2 O-O 15.g4 Rfe8 16.g5 Nd7
17.Rf2 Bf8 18.h4 d5 19.Qg4 g6 20.h5 f5 21.gxf6 Nxf6 22.Qg5 Nxh5 23.Rg2 Bg7
24.f5 exf5 25.exf5 d4 26.Bf2 Ne5 27.fxg6 hxg6 28.Rh2 Nxd3 29.cxd3 Qd6 30.Nc4 Qf6
31.Qxf6 Bxf6 32.Nd6 Re7 33.Nxb7 Rxb7 34.Bxd4 Bxd4+ 35.Nxd4 Rd8 36.Rh4 b3
37.Rc1 Rb4 38.Rc4 Rb6 39.Rc3 Nf6 40.Rxb3 Rxb3 41.Nxb3 Rxd3 42.Nc5 Rd1+ 43.Kf2 Rd2+
44.Ke3 Rxb2 45.Nxa6 g5 46.Rh1 Ra2 47.Nc5 Kf7 48.Rg1 Kg6 49.Kd4 g4  1/2-1/2

[Event "KB Czech Open"]
[Site "Pardubice CZE"]
[Date "2003.07.23"]
[Round "6"]
[White "Kononenko,Dmitry1"]
[Black "Oral,T"]
[Result "1/2-1/2"]
[WhiteElo "2449"]
[BlackElo "2543"]

1.e4 c5 2.Nf3 Nc6 3.d4 cxd4 4.Nxd4 Qc7 5.Nc3 e6 6.Be2 a6 7.O-O Nf6 8.Be3 Bb4
9.Nxc6 bxc6 10.Na4 Be7 11.Nb6 Rb8 12.Nxc8 Qxc8 13.Bd4 c5 14.Be5 Rb6 15.b3 Nxe4
16.Bxg7 Rg8 17.Bb2 Bf6 18.Bxf6 Nxf6 19.Qd2 Qc6 20.g3  1/2-1/2

[Event "TCh-Europe u18"]
[Site "Balatonlelle HUN"]
[Date "2003.07.24"]
[Round "5"]
[White "Smirnov,I UKR"]
[Black "Sakelsek,T"]
[Result "1-0"]
[WhiteElo "2451"]
[BlackElo "2351"]

1.e4 c5 2.Nf3 Nc6 3.d4 cxd4 4.Nxd4 Qc7 5.Nb5 Qb8 6.c4 Nf6 7.N5c3 e6 8.f4 d6
9.Be2 b6 10.O-O Be7 11.Be3 Bb7 12.Nd2 O-O 13.Bf3 Qd8 14.Qe2 Rc8 15.Rac1 Qc7
16.Rfd1 Qb8 17.a3 Rfe8 18.b4 Rcd8 19.Qf2 Qa8 20.Nb3 Nb8 21.Nb5 Nxe4 22.Bxe4 Bxe4
23.Nc7 Qb7 24.Nxe8 Rxe8 25.Nd4 Nd7 26.Nb5 Nf6 27.Nxd6 Bxd6 28.Rxd6 Ng4 29.Qd2 Nxe3
30.Rd8 Kf8 31.Rxe8+ Kxe8 32.Qxe3 Bxg2 33.Rd1 Bf3 34.Rd2 Ke7 35.Qd3 Kf6 36.Qd8+ Qe7
37.Qd4+ e5 38.fxe5+ Qxe5 39.Qxe5+ Kxe5 40.Rd7  1-0

[Event "KB Czech Open"]
[Site "Pardubice CZE"]
[Date "2003.07.24"]
[Round "7"]
[White "Kurenkov,N"]
[Black "Shtyrenkov,V"]
[Result "1-0"]
[WhiteElo "2410"]
[BlackElo "2514"]

1.e4 c5 2.Nf3 Nc6 3.d4 cxd4 4.Nxd4 Qb6 5.Nb3 Nf6 6.Nc3 e6 7.Bd3 Qc7 8.O-O d6
9.f4 a6 10.a4 b6 11.Qf3 Bb7 12.Bd2 Be7 13.Rae1 Nb4 14.Nb5 axb5 15.Bxb4 bxa4
16.Nd4 d5 17.Bb5+ Kf8 18.Bxe7+ Qxe7 19.e5 Ne4 20.f5 exf5 21.Nxf5 Qc5+ 22.Kh1 Qxb5
23.Nxg7  1-0

[Event "3rd Savaria Summer Open"]
[Site "Szombathely HUN"]
[Date "2003.07.24"]
[Round "6"]
[White "Borosova,Z"]
[Black "Tsifanskaya,L"]
[Result "0-1"]
[WhiteElo "2056"]
[BlackElo "2235"]

1.e4 c5 2.Nf3 Nc6 3.d4 cxd4 4.Nxd4 Qb6 5.Nxc6 bxc6 6.Bd3 e5 7.O-O Nf6 8.Nd2 Be7
9.Nc4 Qc7 10.f4 d6 11.fxe5 dxe5 12.Qf3 Be6 13.Qg3 Nd7 14.Kh1 g6 15.Bh6 f6
16.Ne3 O-O-O 17.b4 Rhg8 18.Ba6+ Kb8 19.b5 Ka8 20.bxc6 Qxc6 21.Be2 Nb6 22.a4 g5
23.Nf5 Bc5 24.Rfb1 Bd4 25.Nxd4 Rxd4 26.a5 Nc4 27.c3 Rdd8 28.Rb4 Rg6 29.Qf2 Rxh6
30.Bxc4 Bxc4 31.a6 Bxa6 32.Qa2 f5 33.Ra4 Rhd6 34.Qc2 fxe4 35.h3 Qb7 36.c4 e3
37.c5 Rd2 38.c6 Rxc2 39.cxb7+ Bxb7 40.Rxa7+ Kb8 41.Kg1 Rxg2+ 42.Kf1 e2+ 43.Ke1 Rd1+
44.Rxd1 exd1=Q+  0-1

[Event "3rd Open"]
[Site "Plancoet FRA"]
[Date "2003.07.26"]
[Round "1"]
[White "Gorge,E"]
[Black "Andonov,B"]
[Result "0-1"]
[WhiteElo "2110"]
[BlackElo "2314"]

1.e4 c5 2.Nf3 Nc6 3.d4 cxd4 4.Nxd4 Qc7 5.Nc3 e6 6.Be2 Nf6 7.O-O Be7 8.Kh1 O-O
9.f4 d6 10.Be3 a6 11.a4 Re8 12.Bf3 Bd7 13.g4 Nxd4 14.Bxd4 Bc6 15.a5 Nd7 16.Qd2 e5
17.Be3 exf4 18.Bxf4 Ne5 19.Nd5 Bxd5 20.Qxd5 Qxc2 21.Bxe5 dxe5 22.Qxf7+ Kh8
23.Rac1 Qd3 24.Rfd1 Qe3 25.Rc3 Qf2 26.Qb3 Rad8 27.Bg2 Rd2 28.Rg3 Rf8 29.Rf1 Qe2
30.Rxf8+ Bxf8 31.h4 Qe1+ 32.Kh2 Qxe4 33.Qxb7 Rxg2+  0-1

[Event "3rd Savaria Summer Open"]
[Site "Szombathely HUN"]
[Date "2003.07.26"]
[Round "8"]
[White "Magony,T"]
[Black "Lakos,N"]
[Result "0-1"]
[WhiteElo "2183"]
[BlackElo "2372"]

1.e4 c5 2.Nf3 Nc6 3.d4 cxd4 4.Nxd4 Qc7 5.Nc3 e6 6.Be3 a6 7.Qd2 Nf6 8.f3 b5
9.a3 Ne5 10.Be2 Bb7 11.g4 h6 12.Rg1 Ng6 13.Bd3 Rd8 14.f4 e5 15.fxe5 Nxe5
16.O-O-O b4 17.axb4 Bxb4 18.Rdf1 Bxe4 19.Rxf6 Bxd3 20.Rf4 Bxc3 21.bxc3 Bg6
22.Nf5 O-O 23.g5 h5 24.Qd4 d6 25.Ng3 Rc8 26.Ne2 Nc4 27.Rf3 Qa5 28.Kd1 Qa2
29.Ke1 Rfe8 30.Kf2 Qxc2 31.Re1 Re4 32.Qd5 Rxe3 33.Rxe3 Nxe3 34.Kxe3 Re8+
35.Kf2 Bd3 36.Qf3 Rxe2+ 37.Rxe2 Qxe2+ 38.Qxe2 Bxe2 39.Kxe2 Kh7  0-1

[Event "It"]
[Site "Kramatorsk UKR"]
[Date "2003.07.30"]
[Round "2"]
[White "Efimenko,Z"]
[Black "Kuzmin,Ge"]
[Result "1/2-1/2"]
[WhiteElo "2546"]
[BlackElo "2516"]

1.e4 c5 2.Nf3 Nc6 3.d4 cxd4 4.Nxd4 Qb6 5.Nb3 Nf6 6.Nc3 e6 7.Bd3 a6 8.O-O Qc7
9.f4 d6 10.a4 Be7 11.Be3 b6 12.Qf3 Bb7 13.Rae1 Nb4 14.Qh3 g6 15.Kh1 Rd8 16.Bd4 e5
17.Be3 O-O 18.Nd2 exf4 19.Bxf4 Bc8 20.Qf3 Bg4 21.Qf2 Be6 22.Nf3 Ng4 23.Qg3 Qc5
24.h3 Ne5 25.Nxe5 dxe5 26.Bxe5 Bh4 27.Qxh4 Qxe5 28.Nd5 Nxd5 29.exd5 Qxd5
30.Bxa6 Bf5 31.Bc4 Qd4 32.Bxf7+ Rxf7 33.Re8+ Rf8 34.Rxf8+ Kxf8 35.Qxd4 Rxd4
36.g4 Rxa4 37.gxf5 g5 38.Rd1 Ra8 39.b4 Ke7 40.Re1+  1/2-1/2